000 01205nam a2200229Ia 4500
001 L194-1854
003 IT-CnALBA
008 170116s9999||||xx |||||||||||||| ||und||
040 _aIT-CnALBA
_cIT-CnALBA
041 _aFRANCESE
100 _aOSSIP-LOURIÈ
245 0 _aCROYANCE RELIGEUSE ET CROYANCE INTELLECTUELLE.
250 _a1a ed.
260 _a PARIS
_bALCAN FELIX - EDITEUR
_c1908 [1° Ed.:1908 - Ed.Ling.Originale: 1908]
300 _a176 p.
500 _aFEDE SOPRANNATURALE E FEDE INTELLETTUALE. TEOLOGIA E SCIENZA. MISTICISMO RELIGIOSO E MISTICISMO INTELLETTUALE. CRISTIANESIMO E MORALE. MORALE RELIGIONE E METAFISICA. MORALE INTELLETTUALE. OTTIMISMO E PESSIMISMO. IMMORTALITÀ SOPRANNATURALE E IMMORTALITÀ IN
501 _aSocietà San Paolo EM - Piazza San Paolo, 14 - 12051 ALBA (CN) (non commercial uses only) ® Copyright 2017
520 _aFEDE SOPRANNATURALE E FEDE INTELLETTUALE. TEOLOGIA E SCIENZA. MISTICISMO RELIGIOSO E MISTICISMO INTELLETTUALE. CRISTIANESIMO E MORALE. MORALE RELIGIONE E METAFISICA. MORALE INTELLETTUALE. OTTIMISMO E PESSIMISMO. IMMORTALITÀ SOPRANNATURALE E IMMORTALITÀ IN
650 _aFILOSOFIA FRANCESE
942 _cBK
957 _71
999 _a2835
_bSI
_g Copie: 1
_c261072
_d261072